[Event "POL-ChT3"]
[Site "Lazy POL"]
[Date "2012.09.08"]
[Round "8"]
[White "Morkisz, Bogdan"]
[Black "Krainski, Slawomir"]
[Result "1-0"]
[WhiteElo "2119"]
[BlackElo "2029"]
[EventDate "2012.09.01"]
[PlyCount "75"]

1.e4 c5 2.Nc3 a6 3.g3 b5 4.Bg2 Bb7 5.d3 e6 6.f4 d5 7.Qe2 Nc6 8.Nf3 Nd4 9.
Qf2 Nxf3+ 10.Bxf3 b4 11.Ne2 dxe4 12.Bxe4 Bxe4 13.dxe4 Nf6 14.Qf3 c4 15.Be3
Qc7 16.g4 Bc5 17.g5 Nd7 18.O-O O-O 19.Rad1 Rfd8 20.Rd2 Qb6 21.Kf2 Bxe3+ 
22.Qxe3 Nc5 23.Rxd8+ Rxd8 24.Kf3 b3 25.axb3 cxb3 26.Kg4 bxc2 27.Rc1 Rd3 
28.Qf2 h5+ 29.Kxh5 Qb5 30.Ng3 Nxe4 31.Qxc2 Nxg3+ 32.hxg3 Qf5 33.Qc8+ Kh7 
34.Kh4 Rd2 35.Rh1 Kg6 36.Qh8 Qd5 37.Qh5+ Kf5 38.Qxf7+ 1-0

[Event "POL-ChT3"]
[Site "Lazy POL"]
[Date "2012.09.08"]
[Round "8"]
[White "Knoff, Mariusz"]
[Black "Pochcial, Jan"]
[Result "1/2-1/2"]
[WhiteElo "2088"]
[BlackElo "2094"]
[EventDate "2012.09.01"]
[PlyCount "62"]

1.d4 Nf6 2.Nf3 b6 3.Bf4 Bb7 4.e3 e6 5.Bd3 Be7 6.h3 O-O 7.Nbd2 d5 8.O-O 
Nbd7 9.a3 Ne4 10.Ne5 Nxe5 11.Bxe5 f6 12.Bh2 Bd6 13.Nxe4 dxe4 14.Bc4 Bxh2+ 
15.Kxh2 Qd6+ 16.g3 Rad8 17.c3 Bd5 18.Qe2 a5 19.Rac1 f5 20.Rc2 c5 21.Rd1 
cxd4 22.Rxd4 Qc5 23.Bxd5 Rxd5 24.Rxd5 exd5 25.Rd2 Rd8 26.Rd4 b5 27.Qd1 a4 
28.Kg2 g6 29.Qe2 Kg7 30.Rb4 Rb8 31.Rd4 Rd8 1/2-1/2

[Event "POL-ChT3"]
[Site "Lazy POL"]
[Date "2012.09.08"]
[Round "8"]
[White "Jelonek, Michal"]
[Black "Sciborowski, Miroslaw"]
[Result "1-0"]
[WhiteElo "2015"]
[BlackElo "2063"]
[EventDate "2012.09.01"]

1.Nf3 Nf6 2.c4 g6 3.g3 Bg7 4.Bg2 O-O 5.O-O d6 6.Nc3 e5 7.d3 c6 8.Rb1 h6 9.
b4 Be6 10.c5 dxc5 11.bxc5 Nfd7 12.Ba3 Qa5 13.Qa4 Qc7 14.Qc2 Na6 15.Na4 
Rfb8 16.Nd2 Bf8 17.Nb3 Rc8 18.Rfc1 Qd8 19.Qd2 Rab8 20.Na5 Rc7 21.Rc2 Bd5 
22.Rcb2 Bxg2 23.Kxg2 b6 24.cxb6 axb6 25.Bxf8 Qxf8 26.Nxb6 Nf6 27.Nac4 Re8 
28.Na4 e4 29.Qa5 Ra8 30.Rb6 Rca7 31.Rb7 Rxb7 32.Rxb7 exd3 33.exd3 Qd8 34.
Qxd8+ Rxd8 35.Rb6 Nb8 36.Nc5 Nd5 37.Rb7 Kf8 38.Rxb8 1-0

[Event "POL-ChT3"]
[Site "Lazy POL"]
[Date "2012.09.08"]
[Round "8"]
[White "Filipek, Halina"]
[Black "Stec, Ewa"]
[Result "1-0"]
[WhiteElo "1760"]
[BlackElo "1988"]
[EventDate "2012.09.01"]

1.d4 d5 2.Nf3 Nf6 3.Bf4 e6 4.e3 Nbd7 5.Be2 Be7 6.h3 c5 7.c3 O-O 8.O-O b6 
9.Nbd2 Bb7 10.Qa4 a6 11.Ne5 b5 12.Qb3 c4 13.Qc2 Nb6 14.Bf3 Bd6 15.Bg3 Qc7 
16.Be2 Ne8 17.f4 f6 18.Ng4 f5 19.Ne5 Nf6 20.Bh4 Ne4 21.Nxe4 fxe4 22.g4 Be7
23.Bxe7 Qxe7 24.g5 Nc8 25.Rf2 Nd6 26.Bg4 g6 27.h4 Kg7 28.Rh2 Nf7 29.Qg2 
Nxe5 30.dxe5 Bc6 31.Qd2 Kf7 32.Kg2 a5 33.h5 Rh8 34.Rah1 Kg7 35.Qf2 Be8 36.
hxg6 Bxg6 37.Qh4 Qf7 38.Qh3 Rae8 39.Qh6+ Kg8 40.Qh4 Qa7 41.Qf2 Re7 42.Rh6 
Kg7 43.R1h3 b4 44.Bh5 Bf5 45.Rh1 Kg8 46.Rf6 Rg7 47.Qd2 Qe7 48.Rxf5 bxc3 
49.bxc3 exf5 50.Qxd5+ Rf7 51.Qxc4 Kg7 52.Qxf7+ Qxf7 53.Bxf7 Kxf7 54.Rc1 
Rd8 55.Rc2 h5 56.gxh6 Kg6 57.c4 Kxh6 58.c5 Kg7 59.c6 Kf7 60.c7 Rc8 1-0

[Event "POL-ChT3"]
[Site "Lazy POL"]
[Date "2012.09.08"]
[Round "8"]
[White "Banasik, Krzysztof"]
[Black "Matuszewski, Michal"]
[Result "0-1"]
[WhiteElo "2284"]
[BlackElo "2368"]
[EventDate "2012.09.01"]
[PlyCount "106"]

1.e4 Nf6 2.e5 Nd5 3.c4 Nb6 4.c5 Nd5 5.Nc3 e6 6.d4 b6 7.cxb6 axb6 8.Nf3 d6 
9.Nxd5 exd5 10.Be2 Bg4 11.Bg5 Be7 12.Bxe7 Qxe7 13.O-O O-O 14.Re1 dxe5 15.
Nxe5 Bxe2 16.Rxe2 Re8 17.Re3 Nd7 18.Qb3 Qd6 19.Nxd7 Rxe3 20.Qxe3 Qxd7 21.
Re1 g6 22.a3 Qb5 23.Qc3 c5 24.g3 Qa5 25.Qxa5 Rxa5 26.dxc5 bxc5 27.b4 Rxa3 
28.bxc5 Rc3 29.Re8+ Kg7 30.Rc8 Kf6 31.c6 Ke5 32.c7 Kd4 33.Kf1 Rc6 34.Ke2 
Re6+ 35.Kd2 Re7 36.Rh8 Rxc7 37.Rxh7 Ra7 38.Rh4+ Ke5 39.Rb4 d4 40.Rb2 Ke4 
41.h4 f5 42.Rb6 Ra2+ 43.Kc1 Rxf2 44.Rxg6 Kd3 45.h5 Rg2 46.h6 f4 47.h7 Rc2+
48.Kb1 Rh2 49.gxf4 Rxh7 50.Rg3+ Kd2 51.Rg2+ Kc3 52.Rc2+ Kd3 53.Rg2 Rh1+ 
    ( 53...Rh1+ 54.Kb2 Rf1 )
0-1

[Event "POL-ChT3"]
[Site "Lazy POL"]
[Date "2012.09.08"]
[Round "8"]
[White "Tobolski, Jakub"]
[Black "Tustanowski, Robert"]
[Result "0-1"]
[WhiteElo "2089"]
[BlackElo "2304"]
[EventDate "2012.09.01"]
[PlyCount "81"]

1.e4 e5 2.Nf3 Nc6 3.Bc4 Nf6 4.d3 Bc5 5.Nc3 d6 6.Na4 Bb6 7.Nxb6 axb6 8.c3 
O-O 9.Bg5 h6 10.Bh4 Be6 11.Qc1 Bxc4 12.dxc4 Qe7 13.O-O Qe6 14.Bxf6 Qxf6 
15.b3 Ne7 16.Ne1 Qh4 17.f4 exf4 18.Rxf4 Qh5 19.Nd3 Ng6 20.Rf3 Rae8 21.Qe1 
f5 22.Re3 f4 23.Rh3 Qg5 24.Qe2 Re6 25.Re1 Rfe8 26.Qf3 Qf6 27.Nb4 c6 28.Nc2
d5 29.cxd5 cxd5 30.e5 Rxe5 31.Rd1 Kh8 32.Qf1 Re2 33.Nd4 Rxa2 34.Rf3 Qe5 
35.Kh1 Qh5 36.Rh3 Qg5 37.Rf3 Re4 38.h3 Qh4 39.Nf5 Qg5 40.Nd4 Re3 41.Rf2 
0-1

[Event "POL-ChT3"]
[Site "Lazy POL"]
[Date "2012.09.08"]
[Round "8"]
[White "Siekaniec, Jan"]
[Black "Matuszczyk, Przemyslaw"]
[Result "1-0"]
[WhiteElo "2159"]
[BlackElo "2067"]
[EventDate "2012.09.01"]
[PlyCount "47"]

1.e4 c6 2.d4 d5 3.Nd2 dxe4 4.Nxe4 Nf6 5.Nxf6+ exf6 6.c3 Bd6 7.Bd3 O-O 8.
Qc2 Kh8 9.Ne2 Qc7 10.Be3 Be6 11.h4 Qc8 12.h5 f5 13.O-O-O Na6 14.Bf4 Be7 
15.Ng3 g6 16.hxg6 fxg6 17.Rh6 Rf7 18.Rdh1 Kg8 19.Be5 Bg5+ 20.Kb1 Bxh6 21.
Rxh6 c5 22.Qc1 Qd7 23.Qg5 Nc7 24.dxc5 1-0

[Event "POL-ChT3"]
[Site "Lazy POL"]
[Date "2012.09.08"]
[Round "8"]
[White "Wolynski, Krzysztof"]
[Black "Olszynski, Kazimierz"]
[Result "1-0"]
[WhiteElo "2056"]
[BlackElo "2185"]
[EventDate "2012.09.01"]
[PlyCount "87"]

1.d4 f5 2.Nc3 Nf6 3.e4 fxe4 4.Bg5 c6 5.Qd2 d5 6.f3 Bf5 7.O-O-O Nbd7 8.g4 
Bg6 9.Bxf6 exf6 10.fxe4 Qa5 11.exd5 cxd5 12.Qe3+ Kd8 13.Bd3 Bxd3 14.Rxd3 
Bb4 15.Nge2 Re8 16.Qf3 Bd6 17.Nf4 Bxf4+ 18.Qxf4 Rc8 19.Qd6 Rc6 20.Qxd5 
Qxd5 21.Nxd5 Rd6 22.Ne3 Re4 23.Rhd1 Rde6 24.Kd2 b5 25.c3 Nb6 26.b3 g6 27.
Rf1 Ke7 28.Rf2 Rd6 29.Re2 Kf7 30.h3 b4 31.cxb4 Rexd4 32.Rxd4 Rxd4+ 33.Kc3 
Re4 34.a3 f5 35.gxf5 gxf5 36.Kd3 Rh4 37.Rf2 Rxh3 38.Rxf5+ Ke6 39.Ra5 Nd5 
40.Rxd5 Rxe3+ 41.Kxe3 Kxd5 42.b5 Kc5 43.a4 Kb4 44.Kf4 1-0

[Event "POL-ChT3"]
[Site "Lazy POL"]
[Date "2012.09.08"]
[Round "8"]
[White "Szczesniak, Konrad"]
[Black "Cichy, Kamil"]
[Result "1-0"]
[WhiteElo "2171"]
[BlackElo "1992"]
[EventDate "2012.09.01"]

1.d4 Nf6 2.c4 c5 3.d5 b5 4.cxb5 a6 5.b6 Qxb6 6.Nc3 e6 7.e4 exd5 8.exd5 d6 
9.h3 Be7 10.Nf3 O-O 11.Bc4 Nbd7 12.Qd3 Bb7 13.O-O Qc7 14.a4 Ne5 15.Nxe5 
dxe5 16.f4 exf4 17.Rxf4 Rfd8 18.Rh4 h6 19.Bxh6 gxh6 20.d6 Bxd6 21.Qg6+ Kf8
22.Qxf6 Bh2+ 23.Kf1 Rd6 24.Qh8+ Ke7 25.Re1+ Kd7 26.Qg7 Bg3 27.Qxf7+ Kc6 
28.Re7 Qxe7 29.Qxe7 Bxh4 30.Qxh4 Kb6 31.Qh5 Rad8 32.a5+ Ka7 33.Qxc5+ Ka8 
34.Be2 Rf6+ 35.Bf3 Bxf3 36.gxf3 Rxf3+ 37.Kg2 Rf6 38.Nd5 Rg6+ 39.Kf3 Rdg8 
40.Nb6+ Kb7 41.Qe7+ Kb8 42.Nd7+ Ka8 43.Nf6 R8g7 44.Qd8+ Ka7 45.Qb6+ Ka8 
46.Qxa6+ Kb8 47.Qb6+ Kc8 48.Kf4 Rg1 49.Qc6+ Kd8 50.Qd6+ Kc8 51.Qc5+ Kd8 
52.Qf8+ Kc7 53.Ne8+ 1-0

[Event "POL-ChT3"]
[Site "Lazy POL"]
[Date "2012.09.08"]
[Round "8"]
[White "Krupa, Anna"]
[Black "Buksa, Ewelina"]
[Result "1/2-1/2"]
[WhiteElo "1888"]
[BlackElo "1533"]
[EventDate "2012.09.01"]
[PlyCount "85"]

1.d4 d5 2.Bg5 Nf6 3.Nd2 e6 4.e3 Be7 5.Bd3 c6 6.f4 Nbd7 7.Ngf3 b6 8.O-O Bb7
9.Ne5 O-O 10.Qe1 c5 11.c3 Ne4 12.Bxe7 Qxe7 13.Bb5 Ndf6 14.Ndf3 h6 15.Qh4 
a6 16.Bd3 Rfe8 17.Qh3 Rad8 18.Rac1 b5 19.g4 Nh7 20.Rc2 c4 21.Bxe4 dxe4 22.
Ne1 Nf8 23.f5 Qg5 24.Qg3 Nd7 25.h4 Qe7 26.fxe6 Nxe5 27.Qxe5 Qxe6 28.Qf4 
Bc8 29.Rg2 Rd5 30.g5 hxg5 31.hxg5 Qg6 32.Qh4 Qh7 33.Qxh7+ Kxh7 34.Rxf7 Kg6
35.Rc7 Rxg5 36.Rxg7+ Kxg7 37.Rxg5+ Kf6 38.Rc5 Rg8+ 39.Kf2 Bd7 40.Ng2 Rh8 
41.Re5 Rh2 42.Kg3 Rh3+ 43.Kf2 1/2-1/2

[Event "POL-ChT3"]
[Site "Lazy POL"]
[Date "2012.09.08"]
[Round "8"]
[White "Plonczak, Dominik"]
[Black "Janczarski, Michal"]
[Result "0-1"]
[WhiteElo "2169"]
[BlackElo "2306"]
[EventDate "2012.09.01"]

1.d4 Nf6 2.Nf3 e6 3.Nbd2 c5 4.e3 b6 5.Bd3 Bb7 6.O-O Be7 7.b3 O-O 8.Bb2 d6 
9.Qe2 Nbd7 10.Rac1 Qc7 11.c4 Rfe8 12.Bb1 e5 13.d5 b5 14.Ne1 Rab8 15.Bc3 
Bf8 16.f3 Ba6 17.Bd3 bxc4 18.bxc4 Nb6 19.Nb3 g6 20.Ba1 Bh6 21.g4 Qd7 22.
Ng2 Qa4 23.Nd2 Qd7 24.h4 Bg7 25.Rc2 h6 26.e4 Rf8 27.Ne3 Kh8 28.Rc3 Ng8 29.
Ra3 Bc8 30.Rf2 Ne7 31.Ndf1 Rb7 32.Ng3 Qd8 33.Rh2 Bf6 34.Bb2 Ng8 35.Ng2 Bd7
36.Bc1 Bg7 37.Qd2 Qb8 38.Qc2 Qe8 39.h5 g5 40.Ne3 Ne7 41.Bb2 Qb8 42.Nef5 
Nxf5 43.exf5 Bc8 44.Ne4 Nd7 45.Bc1 Re8 46.Qa4 Re7 47.Qa5 Re8 48.Qa4 Re7 
49.Rb3 Nf6 50.Bxg5 hxg5 51.h6 Nxe4 52.hxg7+ Kxg7 53.fxe4 Rxb3 54.axb3 f6 
55.Ra2 Bd7 56.Qa3 Be8 57.Bc2 Kg8 58.Bd1 Rh7 59.Qa5 Rb7 60.Rh2 Rh7 61.Rb2 
Rb7 62.Kg2 Rb4 63.Ra2 Rb7 64.Kg3 Rh7 65.Rh2 Rxh2 66.Kxh2 Qb4 67.Qxb4 cxb4 
68.Kg2 Kf7 69.Kf2 Ke7 70.Ke3 Kd7 71.Kd3 Kc7 72.Bc2 Kb6 73.Bd1 Kc5 74.Bc2 
Bd7 75.Bd1 a5 76.Bc2 Bc8 77.Bb1 Bb7 78.Ba2 Ba6 79.Ke3 a4 80.Kd3 Bxc4+ 0-1

[Event "POL-ChT3"]
[Site "Lazy POL"]
[Date "2012.09.08"]
[Round "8"]
[White "Chomczyk, Marek"]
[Black "Bartkowiak, Damian"]
[Result "0-1"]
[WhiteElo "1876"]
[BlackElo "2134"]
[EventDate "2012.09.01"]

1.e4 c6 2.d4 d5 3.Nc3 dxe4 4.Nxe4 Bf5 5.Ng3 Bg6 6.h4 h6 7.f4 e6 8.Nf3 Nd7 
9.h5 Bh7 10.Bd3 Bxd3 11.Qxd3 Ngf6 12.Bd2 Be7 13.O-O-O a5 14.f5 Qc7 15.fxe6
Qxg3 16.exd7+ Nxd7 17.d5 Qd6 18.Bc3 Nf6 19.dxc6 Qxd3 20.Rxd3 bxc6 21.Nd4 
Nd5 22.Nxc6 Nxc3 23.Rxc3 Bg5+ 24.Kb1 O-O 25.Re1 Bd2 26.Rce3 Bxe3 27.Rxe3 
Rfe8 28.Rxe8+ Rxe8 29.b3 f5 30.a4 f4 31.Nxa5 Re2 32.Nc4 Rxg2 33.a5 Re2 34.
Kc1 f3 35.Kd1 Re6 36.a6 f2 0-1

[Event "POL-ChT3"]
[Site "Lazy POL"]
[Date "2012.09.08"]
[Round "8"]
[White "Przybylski, Bartosz"]
[Black "Powalka, Michal"]
[Result "1/2-1/2"]
[WhiteElo "2102"]
[BlackElo "1767"]
[EventDate "2012.09.01"]
[PlyCount "92"]

1.Nf3 Nf6 2.c4 g6 3.b3 Bg7 4.Bb2 O-O 5.e3 d6 6.d4 c5 7.Be2 Na6 8.O-O Bd7 
9.Nc3 Rb8 10.Qd2 Bh6 11.Rfd1 cxd4 12.Qxd4 b6 13.Nd5 Bg7 14.Qh4 Nxd5 15.
Bxg7 Kxg7 16.cxd5 Nc7 17.Rac1 Ne8 18.Nd4 Nf6 19.Nc6 Bxc6 20.dxc6 Qc7 21.
Qa4 a5 22.a3 Ra8 23.Qd4 Rfb8 24.a4 Kg8 25.e4 Rc8 26.Rc3 Rd8 27.g3 e5 28.
Qc4 Rac8 29.f3 Qa7 30.Qa6 Qxa6 31.Bxa6 Rc7 32.Bb7 Kf8 33.b4 axb4 34.Rb3 
Ke7 35.Rxb4 Nd7 36.Ra1 Rh8 37.Kf1 Ke8 38.Ke2 Ke7 39.Ke3 Rb8 40.g4 f5 41.
gxf5 gxf5 42.exf5 Kf6 43.cxd7 Rcxb7 44.Rab1 Rxd7 45.Rxb6 Rxb6 46.Rxb6 Kxf5
1/2-1/2

[Event "POL-ChT3"]
[Site "Lazy POL"]
[Date "2012.09.08"]
[Round "8"]
[White "Kowalec, Maciej"]
[Black "Duszczak, Dariusz"]
[Result "1-0"]
[WhiteElo "1697"]
[BlackElo "2011"]
[EventDate "2012.09.01"]

1.d4 Nf6 2.c4 e6 3.Nf3 d5 4.e3 Be7 5.Be2 O-O 6.O-O b6 7.Nbd2 Nbd7 8.b3 Bb7
9.Bb2 a5 10.a3 Bd6 11.Ne5 Qe7 12.f4 dxc4 13.bxc4 Rad8 14.Bf3 Bxf3 15.Qxf3 
Nb8 16.e4 Bxe5 17.fxe5 Nfd7 18.Qg3 Nc6 19.Nf3 f6 20.exf6 Nxf6 21.Qe1 Nh5 
22.e5 Nf4 23.Qe4 Nb8 24.Bc1 g5 25.Nxg5 Qxg5 26.Bxf4 Qg4 27.Rf3 Kh8 28.Raf1
Rg8 29.Rg3 Qh4 30.Bg5 Qxe4 31.Bf6+ Rg7 32.Bxg7+ Kg8 33.Bf6+ Kf8 34.Bxd8+ 
Ke8 35.Rg8+ Kd7 36.Rf7+ Kc8 37.Rxc7# 1-0

[Event "POL-ChT3"]
[Site "Lazy POL"]
[Date "2012.09.08"]
[Round "8"]
[White "Plonczak, Mateusz"]
[Black "Kowalski, Igor"]
[Result "1/2-1/2"]
[WhiteElo "1965"]
[BlackElo "1770"]
[EventDate "2012.09.01"]
[PlyCount "78"]

1.d4 Nf6 2.c4 d6 3.Nf3 Nbd7 4.Nc3 c6 5.e4 e5 6.Be2 Be7 7.O-O O-O 8.Qc2 a6 
9.Rd1 Qc7 10.h3 b5 11.a3 Re8 12.Bg5 Bb7 13.Rac1 Rac8 14.Qb1 Qb8 15.dxe5 
dxe5 16.b4 Nf8 17.c5 Rcd8 18.Bh4 Ng6 19.Bg3 Nh5 20.Bh2 Nhf4 21.Bf1 Bc8 22.
Ne2 Nxe2+ 23.Bxe2 Be6 24.Qb2 Bf6 25.Bd3 Rd7 26.Bc2 Red8 27.Qa1 Bc4 28.Rxd7
Rxd7 29.Rd1 Rxd1+ 30.Qxd1 Qc7 31.Nd2 Be6 32.Nb3 Kf8 33.Na5 Ke7 34.Bg3 Qd7 
35.Qe2 Bg5 36.Bd1 f6 37.Bb3 Bxb3 38.Nxb3 Bf4 39.Qf3 Kf7 1/2-1/2

[Event "POL-ChT3"]
[Site "Lazy POL"]
[Date "2012.09.08"]
[Round "8"]
[White "Gluszko, Monika"]
[Black "Huchwajda, Katarzyna"]
[Result "1/2-1/2"]
[WhiteElo "1990"]
[BlackElo "1867"]
[EventDate "2012.09.01"]
[PlyCount "42"]

1.e4 c5 2.Nf3 e6 3.d4 cxd4 4.Nxd4 Nf6 5.Nc3 Nc6 6.Ndb5 Bb4 7.a3 Bxc3+ 8.
Nxc3 Qa5 9.Bd2 Qb6 10.Be2 d5 11.exd5 exd5 12.O-O d4 13.Na4 Qc7 14.c3 O-O 
15.Rc1 Rd8 16.cxd4 Rxd4 17.Qc2 Ng4 18.g3 g6 19.Bc3 Bf5 20.Qb3 Be6 21.Qc2 
Bf5 1/2-1/2

[Event "POL-ChT3"]
[Site "Lazy POL"]
[Date "2012.09.08"]
[Round "8"]
[White "Staroszczyk, Mateusz"]
[Black "Joachimiak, Roman"]
[Result "1/2-1/2"]
[WhiteElo "2024"]
[BlackElo "2055"]
[EventDate "2012.09.01"]
[PlyCount "64"]

1.e4 c5 2.Nc3 d6 3.g3 g6 4.Bg2 Bg7 5.d3 Nf6 6.h3 Nc6 7.Be3 Qb6 8.Rb1 e5 9.
Nge2 Ne7 10.O-O Qc7 11.f4 h6 12.b4 b6 13.bxc5 bxc5 14.Nb5 Qc6 15.Nxd6+ 
Qxd6 16.fxe5 Qxe5 17.Bf4 Qh5 18.e5 Nfd5 19.c4 Bxh3 20.cxd5 O-O 21.d6 Bxg2 
22.dxe7 Qh3 23.exf8=Q+ Rxf8 24.Kf2 g5 25.Rg1 Bc6 26.Be3 Bxe5 27.Qc2 Bd6 
28.Ke1 Re8 29.Bxc5 Bf3 30.Bxd6 Qh2 31.Rb8 Qxg1+ 32.Kd2 Qe3+ 1/2-1/2

[Event "POL-ChT3"]
[Site "Lazy POL"]
[Date "2012.09.08"]
[Round "8"]
[White "Markowski, Piotr"]
[Black "Krasiewicz, Robert"]
[Result "1-0"]
[WhiteElo "2174"]
[BlackElo "2033"]
[EventDate "2012.09.01"]

1.Nc3 d5 2.e3 c5 3.b3 Nf6 4.Nf3 Nc6 5.Bb5 Bd7 6.O-O Qc7 7.d4 e6 8.Bb2 Bd6 
9.Re1 a6 10.Bf1 Ng4 11.g3 f5 12.dxc5 Bxc5 13.Na4 Bb4 14.c3 Be7 15.c4 dxc4 
16.bxc4 Bb4 17.Re2 b5 18.cxb5 axb5 19.Nc3 Nce5 20.Nxe5 Nxe5 21.Rc2 Qb7 22.
Nd5 Qxd5 23.Qxd5 exd5 24.Bxe5 O-O 25.Rd1 Be6 26.Bxb5 Ra5 27.a4 d4 28.Rc7 
Rf7 29.Rxd4 Bf8 30.Rd8 Ra7 31.Rxa7 Rxa7 32.Bd6 Rf7 33.a5 g5 34.a6 Kg7 35.
Bxf8+ Rxf8 36.Rxf8 Kxf8 37.Bc6 1-0

[Event "POL-ChT3"]
[Site "Lazy POL"]
[Date "2012.09.08"]
[Round "8"]
[White "Maciaga, Marcin"]
[Black "Kozlowski, Tomasz"]
[Result "1-0"]
[WhiteElo "2197"]
[BlackElo "1947"]
[EventDate "2012.09.01"]

1.d4 Nf6 2.c4 e6 3.g3 Bb4+ 4.Bd2 Bxd2+ 5.Qxd2 Ne4 6.Qc2 f5 7.Bg2 d5 8.Nc3 
c6 9.Nf3 O-O 10.O-O Nd7 11.b4 g5 12.b5 Nxc3 13.Qxc3 cxb5 14.cxd5 exd5 15.
Qb3 Nb6 16.Qxb5 Bd7 17.Qb3 Ba4 18.Qe3 g4 19.Ne5 Qd6 20.Rac1 Bb5 21.Rc5 Bc6
22.Rfc1 Rac8 23.a4 Kh8 24.a5 Nd7 25.Nxd7 Qxd7 26.Qe5+ Kg8 27.a6 Rfe8 28.
axb7 Bxb7 29.Bxd5+ Qxd5 30.Qxd5+ Bxd5 31.Rxc8 Kf7 32.R1c7+ Re7 33.Rxe7+ 
Kxe7 34.Rc7+ Kd6 35.Rxa7 h5 36.Rh7 Bc4 37.e3 1-0

[Event "POL-ChT3"]
[Site "Lazy POL"]
[Date "2012.09.08"]
[Round "8"]
[White "Wojtkowski, Pawel"]
[Black "Sliwinski, Marcin"]
[Result "0-1"]
[WhiteElo "1963"]
[BlackElo "2108"]
[EventDate "2012.09.01"]
[PlyCount "86"]

1.c4 f5 2.g3 Nf6 3.Bg2 g6 4.Nf3 Bg7 5.Nc3 O-O 6.O-O d6 7.d4 Qe8 8.Re1 c6 
9.Qc2 Na6 10.a3 Qf7 11.Qd3 h6 12.h4 Kh8 13.Bf4 Be6 14.b3 Rad8 15.Rac1 Rfe8
16.Na4 Ng4 17.b4 Bc8 18.d5 Nc7 19.Red1 Bd7 20.Nc3 Ne5 21.Nxe5 dxe5 22.Be3 
e4 23.Qd2 cxd5 24.cxd5 Kh7 25.Bxa7 Bxc3 26.Qxc3 Nb5 27.Qe3 Ra8 28.Bc5 Rxa3
29.Qd2 Qf6 30.Qf4 g5 31.hxg5 hxg5 32.Qd2 Rc8 33.Be3 Rxc1 34.Qxc1 Kg6 35.f3
Ra2 36.Qc4 Nc3 37.Re1 Bb5 38.Qc8 Nxe2+ 39.Kh2 Kf7 40.Qe6+ Qxe6 41.dxe6+ 
Kxe6 42.Bxg5 Bd3 43.g4 Nd4 0-1

[Event "POL-ChT3"]
[Site "Lazy POL"]
[Date "2012.09.08"]
[Round "8"]
[White "Moskwinski, Tadeusz"]
[Black "Skrzypczak, Michal"]
[Result "1/2-1/2"]
[WhiteElo "2078"]
[BlackElo "1990"]
[EventDate "2012.09.01"]

1.e4 c5 2.Nf3 Nc6 3.d4 cxd4 4.Nxd4 d6 5.Nc3 Nf6 6.Bg5 Qa5 7.Bxf6 gxf6 8.
Qd2 h5 9.Nb3 Qd8 10.f4 Be6 11.O-O-O Bxb3 12.axb3 Qa5 13.Kb1 O-O-O 14.Be2 
Kb8 15.Rhf1 Nb4 16.Bc4 e6 17.f5 d5 18.exd5 exd5 19.Be2 d4 20.Na4 Bh6 21.
Qe1 Rhg8 22.c3 d3 23.Bf3 Nc2 24.Qe4 Qb5 25.c4 Qxb3 26.Nc5 Na3+ 27.Ka1 Nc2+
28.Kb1 Na3+ 29.Ka1 Nc2+ 30.Kb1 Na3+ 31.Ka1 Nc2+ 1/2-1/2

[Event "POL-ChT3"]
[Site "Lazy POL"]
[Date "2012.09.08"]
[Round "8"]
[White "Kozlowska, Marzena"]
[Black "Andrzejewska, Anna"]
[Result "0-1"]
[WhiteElo "1913"]
[BlackElo "1990"]
[EventDate "2012.09.01"]
[PlyCount "84"]

1.e4 e5 2.Nf3 Nc6 3.Bb5 a6 4.Bxc6 dxc6 5.d4 exd4 6.Qxd4 Qxd4 7.Nxd4 Bd7 8.
Be3 O-O-O 9.O-O Bd6 10.Nd2 Nf6 11.f3 Rhe8 12.c3 h6 13.Rfe1 c5 14.N4b3 b6 
15.Bf2 Bc6 16.Rad1 a5 17.Nc4 Bf8 18.Ne3 Rxd1 19.Rxd1 Rd8 20.Rxd8+ Kxd8 21.
Nc1 g6 22.Bh4 Be7 23.e5 Nd5 24.Bxe7+ Kxe7 25.Nxd5+ Bxd5 26.f4 f6 27.exf6+ 
Kxf6 28.a3 Ke6 29.Kf2 Kf5 30.g3 Ke4 31.b3 a4 32.bxa4 c4 33.Ke2 Bc6 34.Na2 
Bxa4 35.Nb4 c5 36.Na6 h5 37.Nc7 Bc6 38.Na6 Kd5 39.Ke3 Kd6 40.f5 gxf5 41.
Kf4 Bb7 42.Nxc5 Kxc5 0-1

[Event "POL-ChT3"]
[Site "Lazy POL"]
[Date "2012.09.08"]
[Round "8"]
[White "Paprocki, Jaroslaw"]
[Black "Brzezinski, Mateusz"]
[Result "0-1"]
[WhiteElo "2224"]
[BlackElo "2108"]
[EventDate "2012.09.01"]
[PlyCount "68"]

1.d4 d5 2.c4 e6 3.Nf3 Nf6 4.Nc3 c6 5.e3 Nbd7 6.Bd3 dxc4 7.Bxc4 b5 8.Bd3 a6
9.e4 c5 10.d5 c4 11.dxe6 fxe6 12.Bc2 Qc7 13.Nd4 Nc5 14.Qe2 Bb7 15.f3 O-O-O
16.Be3 e5 17.Nf5 Nd3+ 18.Bxd3 Rxd3 19.Rc1 g6 20.Bg5 Nh5 21.Ne3 h6 22.Ncd5 
Rxd5 23.exd5 hxg5 24.Nxc4 Kb8 25.Qxe5 Qxe5+ 26.Nxe5 Bd6 27.Nc6+ Ka8 28.Kd1
Bf4 29.Ra1 Nf6 30.a4 bxa4 31.Rxa4 Nxd5 32.Na5 Rc8 33.Re1 Rc1+ 34.Ke2 Rc2+ 
0-1

[Event "POL-ChT3"]
[Site "Lazy POL"]
[Date "2012.09.08"]
[Round "8"]
[White "Stoppel, Mariusz"]
[Black "Lewandowski, Krzysztof"]
[Result "0-1"]
[WhiteElo "2090"]
[BlackElo "2136"]
[EventDate "2012.09.01"]

1.e4 Nf6 2.e5 Nd5 3.d4 d6 4.Nf3 Bg4 5.Be2 e6 6.O-O Be7 7.exd6 Bxd6 8.Ne5 
Bxe2 9.Qxe2 O-O 10.c4 Nf6 11.Nc3 c6 12.Bg5 Be7 13.Rad1 Nbd7 14.Rfe1 Re8 
15.Qf3 Qc7 16.h4 Rad8 17.h5 h6 18.Bc1 Nxe5 19.dxe5 Rxd1 20.Qxd1 Nd7 21.Qe2
Rd8 22.f4 Nc5 23.Rf1 Rd3 24.Qg4 Qd7 25.f5 exf5 26.Qxf5 Qxf5 27.Rxf5 Ne6 
28.Rf3 Rd4 29.b3 Bb4 30.a3 Be7 31.Be3 Rh4 32.Rf5 a6 33.Bf2 Rf4 34.Rxf4 
Nxf4 35.Be3 Nd3 36.a4 Nxe5 37.Ne4 Nd7 38.Kf1 f6 39.Bf4 Kf7 40.Ke2 f5 41.
Nd2 Nf6 42.Kd3 Nxh5 43.Bc7 Bf6 44.c5 Ke6 45.Nc4 g5 46.Bd6 Bd8 47.Kd4 Nf6 
48.Bf8 h5 49.Nd6 b5 50.cxb6 Bxb6+ 51.Kc4 Nd7 52.Nc8 Nxf8 53.Nxb6 Nd7 54.a5
Nxb6+ 55.axb6 Kd6 56.b4 h4 57.Kd4 g4 58.Ke3 Kd7 59.Kf4 Kc8 0-1

[Event "POL-ChT3"]
[Site "Lazy POL"]
[Date "2012.09.08"]
[Round "8"]
[White "Lunkiewicz, Dariusz"]
[Black "Mazalon, Mariusz"]
[Result "1/2-1/2"]
[WhiteElo "2052"]
[BlackElo "2000"]
[EventDate "2012.09.01"]

1.d4 Nf6 2.Nf3 e6 3.Bf4 b6 4.e3 Bb7 5.Be2 Bd6 6.Bxd6 cxd6 7.O-O d5 8.c4 
dxc4 9.Bxc4 O-O 10.Nbd2 d6 11.Qe2 a6 12.Bd3 b5 13.Rac1 Nbd7 14.h3 Rc8 15.
Rfd1 Qa5 16.a3 Rxc1 17.Rxc1 Rc8 18.Rxc8+ Bxc8 19.Ne4 Qc7 20.Nxf6+ Nxf6 21.
Qc2 Qxc2 22.Bxc2 Bb7 23.Ne1 Kf8 24.Kf1 Ke7 25.Ke2 h6 26.g3 g5 27.f3 Nd7 
28.Nd3 f5 29.Nf2 Nf6 30.e4 fxe4 31.Nxe4 Nxe4 32.Bxe4 Bxe4 33.fxe4 h5 34.g4
hxg4 35.hxg4 e5 36.dxe5 dxe5 37.b4 Kd6 38.Kd3 Kc6 39.Kc3 Kb6 40.Kb3 Kc6 
41.Kc3 Kd6 1/2-1/2

[Event "POL-ChT3"]
[Site "Lazy POL"]
[Date "2012.09.08"]
[Round "8"]
[White "Wisniewski, Adam"]
[Black "Tabaczka, Jerzy"]
[Result "1-0"]
[WhiteElo "1956"]
[BlackElo "1855"]
[EventDate "2012.09.01"]

1.e4 c5 2.Nf3 Nc6 3.c3 e6 4.d4 d5 5.e5 cxd4 6.cxd4 Bb4+ 7.Nc3 Nge7 8.Bd3 
Ng6 9.O-O O-O 10.h4 f5 11.exf6 gxf6 12.h5 Nh8 13.Bh6 Rf7 14.Ne5 Nxe5 15.
dxe5 f5 16.Qf3 Qh4 17.g3 Qd8 18.Nb5 Bf8 19.Qf4 Bxh6 20.Qxh6 Rg7 21.Rac1 
Nf7 22.Qf6 Bd7 23.Nc7 Rb8 24.Nxe6 Bxe6 25.Qxe6 f4 26.h6 fxg3 27.hxg7 Qh4 
28.fxg3 Qxg3+ 29.Kh1 Qh4+ 30.Kg2 Qg5+ 31.Kf3 Qh5+ 32.Ke3 d4+ 33.Kd2 Qh2+ 
34.Be2 1-0

[Event "POL-ChT3"]
[Site "Lazy POL"]
[Date "2012.09.08"]
[Round "8"]
[White "Paprocka, Renata"]
[Black "Lewandowska, Anika"]
[Result "1-0"]
[WhiteElo "1985"]
[BlackElo "1937"]
[EventDate "2012.09.01"]

1.d4 d5 2.c4 e6 3.Nc3 f5 4.cxd5 exd5 5.Bf4 c6 6.e3 Nf6 7.Bd3 Bd6 8.Bxd6 
Qxd6 9.Qc2 O-O 10.O-O-O Ne4 11.Nh3 b5 12.Ne2 Na6 13.f3 Nb4 14.Qb3 Nxd3+ 
15.Qxd3 Nf6 16.Nef4 Bd7 17.Kb1 Rfe8 18.Qd2 Qe7 19.Rhe1 Rec8 20.Nd3 Ne8 21.
Nc5 Nd6 22.Nf4 Be8 23.Re2 Bf7 24.Rde1 Rd8 25.h3 Qf6 26.Qc1 Rac8 27.Ka1 Kh8
28.Rc2 h6 29.Nfd3 Nc4 30.f4 g5 31.Ne5 Nxe5 32.fxe5 Qg6 33.Rf1 Kh7 34.g4 
fxg4 35.hxg4 Kh8 1-0

[Event "POL-ChT3"]
[Site "Lazy POL"]
[Date "2012.09.09"]
[Round "9"]
[White "Tazbir, Marcin"]
[Black "Jaworski, Miroslaw"]
[Result "1-0"]
[WhiteElo "2554"]
[BlackElo "2307"]
[EventDate "2012.09.01"]

1.e4 c5 2.Nf3 d6 3.d4 cxd4 4.Nxd4 Nf6 5.Nc3 a6 6.h3 e5 7.Nde2 h5 8.Bg5 Be7
9.Bxf6 Bxf6 10.Nd5 Nc6 11.Nec3 Bg5 12.Bc4 Be6 13.Bb3 Rc8 14.Ne2 Na5 15.c3 
Nc4 16.Bxc4 Rxc4 17.Qd3 Rc6 18.O-O O-O 19.Rad1 Rc8 20.f4 exf4 21.Nexf4 
Bxf4 22.Rxf4 Re8 23.Rf2 Qg5 24.Qf3 Qe5 25.Rd4 f6 26.Nf4 Bf7 27.Nd3 Qg5 28.
Rxd6 Bxa2 29.b4 Bc4 30.Nc5 Rc7 31.Qf4 Qe5 32.Qd2 Bf7 33.Rf5 Qe7 34.Qd4 Kh7
35.Rf2 a5 36.Rd2 axb4 37.cxb4 b5 38.Qd3 Ra8 39.e5+ Bg6 40.Qd5 Ra1+ 41.Kh2 
fxe5 42.Re6 Qg5 43.Rxe5 Qf6 44.Ne4 Qf4+ 45.g3 Bxe4 46.Rxh5+ Kg6 47.gxf4 
Rh1+ 48.Kg3 Rc3+ 49.Kg4 Rg1+ 50.Kh4 Bxd5 51.Rdxd5 Rc4 52.Rhg5+ Rxg5 53.
Rxg5+ Kf6 54.Rxb5 Rxf4+ 55.Kg3 Rc4 56.Rb6+ Kf5 57.Rb5+ Kf6 58.h4 Rc3+ 59.
Kf2 g6 60.Rc5 Rb3 61.Rc4 Ke5 62.Ke2 Kd5 63.Rg4 Rh3 64.Kd2 Ke5 65.Kc2 Kd5 
66.Kb2 Ke5 67.b5 Kd5 68.b6 Kc6 69.Rxg6+ Kb7 70.Rh6 Rg3 71.Kc2 Rh3 72.Kd2 
Rh2+ 73.Ke3 Rh1 74.Kf3 Rf1+ 75.Kg4 Rg1+ 76.Kh5 Rg8 77.Rg6 Rd8 78.Kh6 Rh8+ 
79.Kg5 Rc8 80.h5 Rc5+ 81.Kh6 Rb5 82.Rf6 Rb1 83.Kg7 1-0